College Physics (Record no. 3842)

MARC details
000 -LEADER
fixed length control field 00376nam a22001217a 4500
005 - DATE AND TIME OF LATEST TRANSACTION
control field 20210412150956.0
008 - FIXED-LENGTH DATA ELEMENTS--GENERAL INFORMATION
fixed length control field 210412b ||||| |||| 00| 0 eng d
020 ## - INTERNATIONAL STANDARD BOOK NUMBER
International Standard Book Number 9781337620338
040 ## - CATALOGING SOURCE
Transcribing agency CML
245 ## - TITLE STATEMENT
Title College Physics
Statement of responsibility, etc. Serway A. R., Vuille C., Hughes J.
260 ## - PUBLICATION, DISTRIBUTION, ETC.
Place of publication, distribution, etc. United States
Name of publisher, distributor, etc. Cengage Learning
Date of publication, distribution, etc. 2018
942 ## - ADDED ENTRY ELEMENTS (KOHA)
Source of classification or shelving scheme Dewey Decimal Classification
Koha item type Books
Edition 11th Edition
Classification part 530
Call number suffix VUI
Holdings
Withdrawn status Lost status Source of classification or shelving scheme Damaged status Not for loan Collection code Home library Current library Shelving location Date acquired Total Checkouts Full call number Barcode Date due Date last seen Date last checked out Copy number Price effective from Koha item type
    Dewey Decimal Classification     Natural Sciences & Mathematics Chalimbana Main Library Chalimbana Main Library Natural Sciences & Mathematics 04/12/2021 1 530 VUI 9781337620338 07/12/2022 06/28/2022 06/28/2022 1 04/12/2021 Books

Powered by Koha